Statistics for Biggest Singles by Decade

Click here to take the quiz!

General Stats

  • This quiz has been taken 23 times
    (9 since last reset)
  • The average score is 2 of 14

Answer Stats

DecadeAnswer% Correct
Various Artists
100%
Elvis Presley
44%
1990'sCandle In the Wind
22%
Elton John
11%
1950'sHound Dog
11%
The Beatles
11%
Debbie Boone
0%
Flo Rida ft. T-Pain
0%
2010'sHappy
0%
1960'sI Want To Hold Your Hand
0%
2000'sLow
0%
Pharell Williams
0%
1980'sWe are the World USA for Africa
0%
1970'sYou Light Up My Life
0%

Score Distribution

Percentile by Number Answered

Percent of People with Each Score

Your Score History

You have not taken this quiz since the last reset